Top 30 : Nicki Minaj - Statistiques

Statistiques générales
  • Ce quiz a été pris 101 fois
  • Le résultat moyen est 14 sur 30
Statistiques - réponses
Top Titres Featuring % Correct
3 Bang Bang Jessie J, Ariana Grande
89%
1 Side To Side Ariana Grande
78%
6 Swalla Jason Derulo, Ty Dolla $ign
78%
8 Hey Mama David Guetta, AFROJACK, Bebe Rexha
65%
5 Beauty And A Beat Justin Bieber
64%
2 Tusa KAROL G
64%
4 Starships
62%
9 FEFE 6ix9ine
61%
12 MotorSport Migos, Cardi B
61%
14 Barbie World Aqua, Ice Spice
53%
7 Super Bass
53%
21 Monster Kanye West, JAY-Z, Rick Ross, Bon Iver
51%
13 Only Drake, Lil Wayne, Chris Brown
51%
15 Anaconda
50%
20 Feeling Myself Beyonce
50%
18 Swish Swish Katy Perry
47%
28 Plain Jane REMIX A$AP Ferg
38%
29 Turn Me On David Guetta
35%
10 Where Them Girls At David Guetta, Flo Rida
34%
22 All Eyes on You Meek Mill, Chris Brown
31%
16 Woman Like Me Little Mix
31%
30 Moment 4 Life Drake
28%
23 Chun-Li
27%
26 Bottoms Up Trey Songz
26%
25 Rake It Up Yo Gotti
26%
11 Super Freaky Girl
24%
17 Ball For Me Post Malone
20%
24 BIG BANK YG, 2 Chainz, Big Sean
19%
19 The Night Is Still Young
18%
27 Truffle Butter Drake, Lil Wayne
16%
Aucun quiz correspondant
Distribution des résultats
% des personnes avec chaque résultat
Percentile par nombre de réponses
Votre historique - résultats
Vous n’avez pas pris ce quiz